The Bible history of prayer: (Record no. 8745)

000 -LEADER
fixed length control field 00597nam a2200181 a 4500
001 - CONTROL NUMBER
control field :::00006523$&:&@@
003 - CONTROL NUMBER IDENTIFIER
control field OkBaRHE
005 - DATE AND TIME OF LATEST TRANSACTION
control field 20000607103331.0
008 - FIXED-LENGTH DATA ELEMENTS--GENERAL INFORMATION
fixed length control field s1848 j 000 0 eng u
040 ## - CATALOGING SOURCE
Transcribing agency
100 1# - MAIN ENTRY--PERSONAL NAME
Personal name Goodrich, Charles Augustus, 1790-1862.
245 14 - TITLE STATEMENT
Title The Bible history of prayer:
Remainder of title with practical reflections.
260 ## - PUBLICATION, DISTRIBUTION, ETC. (IMPRINT)
Place of publication, distribution, etc Hartford, CT., :
Name of publisher, distributor, etc Case, Tiffany and Co.
Date of publication, distribution, etc c1848
300 ## - PHYSICAL DESCRIPTION
Extent 384 p. : illus. ;
Dimensions 19 cm.
650 ## - SUBJECT ADDED ENTRY--TOPICAL TERM
Topical term or geographic name as entry element Prayer
General subdivision History
942 ## - ADDED ENTRY ELEMENTS (KOHA)
Source of classification or shelving scheme
Koha item type Books
Copies
Permanent Location Lost status Date acquired Date checked out Source of classification or shelving scheme Not for loan Date last seen Total Checkouts Full call number Price effective from Koha item type Current Location Shelving location Copy number Withdrawn status Damaged status Barcode
RHEMA Bible Training College 2010-04-142016-02-29  2016-03-111BV 207 .G562010-04-14BooksRHEMA Bible Training CollegeGeneral Stacks1  6523